000 00412nam a2200181Ia 4500
001 420
005 20260306140516.0
008 260306t2011||||xx |||||||||||||| ||spa||
041 _aESP
082 _a111.85
_bB75
100 _aBosch, Magdalena,
_eAUT
245 0 _aEl poder de la belleza
260 _c2011
300 _a148 páginas :
_c17 cm.
650 _aGEN
654 _aCHU
942 _cLIB
_dJUS
_fJUS
_2ddc
_n
999 _c420
_d420